000 01736nam a2200325 a 4500
001 ebr10483524
003 CaPaEBR
006 m u
007 cr cn|||||||||
008 100709s2011 pau sb 001 0deng d
010 _z 2010027450
020 _z9780611480163 (cloth : alk paper)
020 _z9781611480177 (e-book)
040 _aCaPaEBR
_cCaPaEBR
035 _a(OCoLC)747412119
050 1 4 _aPQ6653.A538
_bZ83 2011eb
082 0 4 _a861/.64
_222
100 1 _aPritchett, Kay,
_d1946-
245 1 0 _aIn pursuit of poem shadows
_h[electronic resource] :
_bPureza Canelo's second poetics /
_cKay Pritchett.
260 _aLewisburg, Pa. :
_bBucknell University Press,
_c2011.
300 _a220 p.
504 _aIncludes bibliographical references and index.
505 0 _aIntroduction -- Espacio de emocion: revision purifies vision -- Espacio de emocion and tiempo y espacio de emocion: creation comes to life -- Vega de la paloma: the muse clips the thread, leaving the poet stranded -- Tendido verso (segunda poetica), "verano 1983": life redresses the poem -- Tendido verso (segunda poetica), "verano 1984": the poem casts a shadow -- Pasion inedita: a hieros gamos comes to pass -- No escribir: brevity is the key.
533 _aElectronic reproduction.
_bPalo Alto, Calif. :
_cebrary,
_d2011.
_nAvailable via World Wide Web.
_nAccess may be limited to ebrary affiliated libraries.
600 1 0 _aCanelo, Pureza,
_d1946-
_xCriticism and interpretation.
600 1 0 _aCanelo, Pureza,
_d1946-
_xVersification.
655 7 _aElectronic books.
_2local
710 2 _aebrary, Inc.
856 4 0 _uhttp://site.ebrary.com/lib/rucke/Doc?id=10483524
_zAn electronic book accessible through the World Wide Web; click to view
999 _c122791
_d122791